00620nam a2200169 a 450000100100000000500170001000800410002702000150006804000250008308200210010810000450012924500830017426000350025730000280029260000520032065100780037200003963820240409073644.0130712s1977 xxua 000 0 spa d a0915534436 aDO-SdBNPbspacBNPHU a923.17293bT866p1 aPeña Rivera, Víctor Alicinio,d1935-10aTrujillo :bhistoria oculta de un dictador /cVíctor Alicinio Peña Rivera. aNew York :bPlus Ultra,c1977. a413 p. :bil. ;c21 cm.10aTrujillo Molina, Rafael Leónidas,d 1891-1961 4aRepública DominicanaxPolítica Y GobiernoyERA DE TRUJILLO, 1930-1961